Wszystkie stacje Metromare (Rzym) - Statystyki

Ogólne statystyki
  • Ten quiz został rozwiązany 4 razy
  • Średni wynik to 2 z 13
Statystyki odpowiedzi
Numer Nazwa % Poprawnych
1. Cristoforo Colombo
67%
4. Lido Di Ostia Centro
33%
5. Lido Di Ostia Nord
33%
6. Ostia Antica
33%
13. Porta San Paolo
33%
3. Stella Polare
33%
7. Acilia
0%
12. Basilica San Paolo
0%
8. Casal Bernocchi - Centro Giano
0%
2. Castel Fusano
0%
11. EUR Magliana
0%
10. Tor Di Valle
0%
9. Vitinia
0%
Nie znaleziono quizów pasujących do podanych kryteriów
Rozkład punktacji
Procent ludzi z każdym wynikiem
Percentyl według liczby udzielonych odpowiedzi
Twoja historia wyników
Nie rozwiązałeś tego quizu